[Event "IECC M email"]
[Site "IECC email"]
[Date "2000.10.22"]
[Round "?"]
[White "Avy, Jean Pierre"]
[Black "Mitchell, TT."]
[Result "1-0"]
[WhiteElo "1068"]
[BlackElo "914"]
[PlyCount "23"]
[EventDate "2000.??.??"]
[EventType "tourn (corr)"]
[EventRounds "2"]
[SourceTitle "Corr 2008"]
[Source "ChessBase"]
[SourceDate "2008.06.24"]
[SourceVersion "1"]
[SourceVersionDate "2008.06.24"]
[SourceQuality "1"]

1. d4 f5 2. Nf3 g6 3. Nc3 Nf6 4. Bg5 Bg7 5. e3 0-0 6. Bc4+ Kh8 7. 0-0 Ne8 8. Ne5 Nd6 9. Bb3 b6 10. Nxg6+ hxg6 11. Qf3 c6 12. Qh3+ 1-0

[Event "IECC CL6-2000.19"]
[Site "IECC email"]
[Date "2000.05.28"]
[Round "?"]
[White "Avy, Jean Pierre"]
[Black "Alexander, Adam"]
[Result "0-1"]
[WhiteElo "1099"]
[BlackElo "1056"]
[PlyCount "48"]
[EventDate "2000.??.??"]
[EventType "tourn (corr)"]
[EventRounds "4"]
[SourceTitle "Corr 2008"]
[Source "ChessBase"]
[SourceDate "2008.06.24"]
[SourceVersion "1"]
[SourceVersionDate "2008.06.24"]
[SourceQuality "1"]

1. d4 Nf6 2. Nf3 g6 3. e3 d5 4. Bd3 Bg7 5. Nbd2 Nbd7 6. 0-0 0-0 7. c4 c6 8. b3 Re8 9. Bb2 c5 10. Rc1 e5 11. dxe5 Ng4 12. cxd5 Ngxe5 13. Nxe5 Nxe5 14. Bxe5 Rxe5 15. e4 b6 16. Qc2 a5 17. Nf3 Rh5 18. h3 Bxh3 19. gxh3 Qd7 20. Nh2 Qxh3 21. f4 g5 22. e5 g4 23. Bf5 Qg3+ 24. Kh1 Qh4 0-1

[Event "IECC CL6-2000.18"]
[Site "IECC email"]
[Date "2000.05.20"]
[Round "?"]
[White "Jasinski, Jim"]
[Black "Avy, Jean Pierre"]
[Result "1-0"]
[WhiteElo "1341"]
[BlackElo "1372"]
[PlyCount "25"]
[EventDate "2000.??.??"]
[EventType "tourn (corr)"]
[EventRounds "4"]
[SourceTitle "Corr 2008"]
[Source "ChessBase"]
[SourceDate "2008.06.24"]
[SourceVersion "1"]
[SourceVersionDate "2008.06.24"]
[SourceQuality "1"]

1. d4 Nf6 2. c4 g6 3. Nc3 Bg7 4. e4 d6 5. Nf3 0-0 6. Bd3 c5 7. dxc5 dxc5 8. Be2 Qb6 9. Qc2 Rd8 10. 0-0 Nc6 11. Nd5 Nxd5 12. cxd5 Bf5 13. dxc6 1-0

[Event "IECG C3.2000.0.00140"]
[Site "IECG email"]
[Date "2000.05.20"]
[Round "?"]
[White "Zimmermann, Jan Erik"]
[Black "Avy, Jean Pierre"]
[Result "1/2-1/2"]
[WhiteElo "1014"]
[BlackElo "1350"]
[PlyCount "79"]
[EventDate "2000.05.20"]
[EventType "tourn (corr)"]
[EventRounds "6"]
[SourceTitle "Corr 2008"]
[Source "ChessBase"]
[SourceDate "2008.06.24"]
[SourceVersion "1"]
[SourceVersionDate "2008.06.24"]
[SourceQuality "1"]

1. e4 d6 2. d4 Nf6 3. Nc3 g6 4. f4 Bg7 5. Nf3 0-0 6. Bd3 c5 7. dxc5 dxc5 8. 0-0 Nc6 9. e5 Nd5 10. Nxd5 Qxd5 11. Qe2 Rd8 12. Bc4 Nd4 13. Nxd4 Qxd4+ 14. Kh1 b6 15. c3 Qd7 16. Be3 Qg4 17. Qf2 Bb7 18. Be2 Qe6 19. Bf3 Bxf3 20. Qxf3 Qd5 21. Qxd5 Rxd5 22. Rad1 Rad8 23. Rxd5 Rxd5 24. Kg1 c4 25. Kf2 h5 26. Ke2 Rb5 27. Rb1 g5 28. g3 Ra5 29. a3 Rd5 30. Rd1 Rxd1 31. Kxd1 gxf4 32. gxf4 Kh7 33. Ke2 Kg6 34. Kf3 Kf5 35. Bd4 Bh6 36. Be3 b5 37. h3 h4 38. Bd2 e6 39. Be3 a6 40. Bd2 1/2-1/2

[Event "IECC M email"]
[Site "IECC email"]
[Date "2000.05.15"]
[Round "?"]
[White "Avy, Jean Pierre"]
[Black "Gorissen, Peter"]
[Result "0-1"]
[WhiteElo "1319"]
[BlackElo "1409"]
[PlyCount "52"]
[EventDate "2000.??.??"]
[EventType "tourn (corr)"]
[EventRounds "2"]
[SourceTitle "Corr 2008"]
[Source "ChessBase"]
[SourceDate "2008.06.24"]
[SourceVersion "1"]
[SourceVersionDate "2008.06.24"]
[SourceQuality "1"]

1. d4 d5 2. Nf3 Bf5 3. e3 c5 4. dxc5 e6 5. b4 Nc6 6. Bb5 a5 7. Nd4 Nge7 8. Nxf5 Nxf5 9. c3 axb4 10. e4 dxe4 11. Qxd8+ Kxd8 12. Bxc6 bxc6 13. cxb4 Nd4 14. Na3 Ra4 15. Rb1 Rxa3 16. Bxa3 Nc2+ 17. Ke2 Nxa3 18. Rhd1+ Ke8 19. Rb3 Nb5 20. Ke3 f5 21. a4 Nc7 22. Kd4 Kf7 23. Kc4 Be7 24. Rd7 Rc8 25. Rd4 Nd5 26. Rxe4 fxe4 0-1

[Event "IECC CL6-2000.17"]
[Site "IECC email"]
[Date "2000.05.13"]
[Round "?"]
[White "Kaczmarek, Michal"]
[Black "Avy, Jean Pierre"]
[Result "0-1"]
[WhiteElo "1125"]
[BlackElo "1307"]
[PlyCount "36"]
[EventDate "2000.??.??"]
[EventType "tourn (corr)"]
[EventRounds "4"]
[SourceTitle "Corr 2008"]
[Source "ChessBase"]
[SourceDate "2008.06.24"]
[SourceVersion "1"]
[SourceVersionDate "2008.06.24"]
[SourceQuality "1"]

1. e4 d6 2. d4 Nf6 3. Nc3 g6 4. Bg5 Bg7 5. Qd2 h6 6. Bxf6 Bxf6 7. f4 e5 8. Nf3 exd4 9. Nxd4 0-0 10. 0-0-0 Re8 11. Be2 Nc6 12. Nxc6 bxc6 13. Bf3 Rb8 14. g4 Qe7 15. Kb1 Be6 16. b4 d5 17. a3 Rxb4+ 18. axb4 Qxb4+ 0-1